| 000 -CABECERA |
| Longitud fija campo de control |
00730nam a22001937a 4500 |
| 003 - IDENTIFICADOR DEL NÚMERO DE CONTROL |
| Identificador del número de control |
OSt |
| 005 - FECHA Y HORA DE LA ÚLTIMA TRANSACCIÓN |
| Fecha y hora de la última transacción |
20151016124801.0 |
| 008 - CÓDIGOS DE INFORMACIÓN DE LONGITUD FIJA |
| Códigos de información de longitud fija |
130619s2000 sp ||||| |||| |0| 0 cat d |
| 040 ## - FUENTE DE LA CATALOGACIÓN |
| Centro transcriptor |
CDMR |
| 245 00 - MENCIÓN DE TÍTULO |
| Título |
Jornades sobre els mitjans de comunicació i relacions sud-nord |
| Mención de responsabilidad, etc. |
redacció, Yolanda Vázquez Repes, Marta Nin i Camps |
| 260 ## - PUBLICACIÓN, DISTRIBUCIÓN, ETC. (PIE DE IMPRENTA) |
| Lugar de publicación, distribución, etc. |
[Barcelona] |
| Nombre del editor, distribuidor, etc. |
Col·legi de Periodistes de Catalunya |
| Fecha de publicación, distribución, etc. |
DL 2000 |
| 300 ## - DESCRIPCIÓN FÍSICA |
| Extensión |
51 p. |
| 500 ## - NOTA GENERAL |
| Nota general |
A la coberta: Col·legi de Periodistes de Catalunya. Comissió "Periodisme Solidari" |
| 650 04 - PUNTO DE ACCESO ADICIONAL DE MATERIA - TÉRMINO DE MATERIA |
| 9 (RLIN) |
983 |
| Término de materia o nombre geográfico como elemento inicial |
Ètica periodística |
| 650 04 - PUNTO DE ACCESO ADICIONAL DE MATERIA - TÉRMINO DE MATERIA |
| 9 (RLIN) |
3830 |
| Término de materia o nombre geográfico como elemento inicial |
Mitjans de comunicació de massa i minories |
| 650 04 - PUNTO DE ACCESO ADICIONAL DE MATERIA - TÉRMINO DE MATERIA |
| 9 (RLIN) |
3832 |
| Término de materia o nombre geográfico como elemento inicial |
Nord i Sud |
| 710 2# - PUNTO DE ACCESO ADICIONAL - NOMBRE DE ENTIDAD |
| 9 (RLIN) |
133 |
| Nombre de entidad o nombre de jurisdicción como elemento inicial |
Col·legi de Periodistes de Catalunya |
| 942 ## - ENTRADA DE ELEMENTOS AGREGADOS (KOHA) |
| Fuente de clasificaión o esquema |
|
| Koha [por defecto] tipo de item |
Ponències / Comunicacions |